000 00585nam a2200205 a 4500
001 BRCA_4825
005 20190320204825.0
008 880205s1917 mx-#######---#000-0#spa-#
041 _aspa
044 _amx
050 4 _aKB329
_b.M49 1917
245 1 0 _aLey sobre relaciones familiares
_b1917
_cexpedida por Venustiano Carranza.
260 _aMéxico
_bLa Editora Nacional
_c1917
300 _a128 p.
_c16 cm.
500 _aEstado físico: Cubierta deteriorada y desprendida
500 _aCFG76
650 1 4 _aRelaciones de familia
_zMexico
_912230
902 _aGFM
942 _2lcc
_cB
999 _c4521
_d4521